[Event "CRO-chT"]
[Site "Tucepi"]
[Date "1996.??.??"]
[Round "?"]
[White "Poljak, Srebrenka"]
[Black "Mihevc, Narcisa"]
[Result "1/2-1/2"]
[WhiteElo "2065"]
[BlackElo "2250"]

1.e4 c5 2.Nf3 Nc6 3.Bb5 d6 4.c3 Bd7 5.O-O Nf6 6.Re1 e5 7.Ba4 a6 8.a3 b5 9.Bc2 Be7
10.d3 O-O 11.Nbd2 Qc7 12.Bb3 Na5 13.Ba2 c4 14.d4 Nc6 15.h3 Rfe8 16.Nf1 Bd8
17.Ng3 h6 18.Nh2 Qa7 19.dxe5 dxe5 20.Qf3 Kh7 21.Nhf1 Be6 22.Ne3 Ne7 23.Bb1 Ng6
24.Nef5 Bxf5 25.Nxf5 Re6 26.g4 Bb6 27.Kg2 a5 28.h4 Rg8 29.Rd1 Nd7 30.h5 Nf4+
31.Bxf4 exf4 32.e5 Kh8 33.Qd5 Nxe5 34.f3 Rd8 35.Qxd8+ Bxd8 36.Rxd8+ Kh7 37.Nd4+ g6
38.hxg6+ Nxg6 39.Nxe6 fxe6 40.Be4 Kg7 41.Bxg6 Kxg6 42.Re1 Qe7 43.Rd4 e5 44.Rxf4 h5
45.gxh5+ Kh6  1/2-1/2

[Event "CRO-chT"]
[Site "Tucepi"]
[Date "1996.??.??"]
[Round "?"]
[White "Poljak, Srebrenka"]
[Black "Gladisheva, Tatjana"]
[Result "1/2-1/2"]
[WhiteElo "2065"]
[BlackElo "2115"]

1.e4 c5 2.Nf3 Nc6 3.Bb5 e6 4.O-O Nge7 5.c3 a6 6.Ba4 b5 7.Bc2 Bb7 8.d4 cxd4
9.Nxd4 e5 10.Nf3 Ng6 11.Be3 Be7 12.a4 O-O 13.Na3 b4 14.Nc4 d6 15.a5 Rb8 16.Qd2  1/2-1/2

[Event "CRO-chT2"]
[Site "Tucepi"]
[Date "1996.??.??"]
[Round "?"]
[White "Levacic, Patrick"]
[Black "Jelen, Igor"]
[Result "1/2-1/2"]
[WhiteElo "2350"]
[BlackElo "2400"]

1.e4 c5 2.Nf3 Nc6 3.Bb5 g6 4.Bxc6 dxc6 5.d3 Bg7 6.h3 Nf6 7.Nc3 O-O 8.Be3 Nd7
9.Qd2 e5 10.Nh2 Qe7 11.O-O Rd8 12.Bg5 f6 13.Bh6 Nf8  1/2-1/2

[Event "CRO-chT"]
[Site "Tucepi"]
[Date "1996.??.??"]
[Round "?"]
[White "Jusic, Zdenko"]
[Black "Kurajica, Bojan"]
[Result "0-1"]
[WhiteElo "2355"]
[BlackElo "2505"]

1.e4 c5 2.Nf3 Nc6 3.Bb5 e6 4.O-O Nge7 5.b3 Ng6 6.Bb2 f6 7.d4 cxd4 8.Nxd4 Be7
9.Kh1 a6 10.Bc4 Qc7 11.Nxc6 bxc6 12.Be2 O-O 13.c4 c5 14.Nc3 Bb7 15.Qd2 f5
16.Bd3 Rf7 17.f3 f4 18.Rae1 Ne5 19.Be2 Raf8 20.Nd1 Nc6 21.Nf2 Bf6 22.Nd3 Bxb2
23.Qxb2 d6 24.b4 cxb4 25.Nxb4 Ne5 26.Qd4 Qc5 27.Qd2 a5 28.Nd3 Qd4 29.Qb2 Qxb2
30.Nxb2 Ba6 31.Rf2 Rb8 32.Bf1 Rfb7 33.Rb1  0-1

[Event "Tuebingen-ch55"]
[Site "Tuebingen"]
[Date "1996.??.??"]
[Round "?"]
[White "Haeussler, Frank"]
[Black "Drebenstedt, Horst"]
[Result "1-0"]
[WhiteElo "1945"]
[BlackElo "1605"]

1.e4 c5 2.Nf3 Nc6 3.Bb5 a6 4.Bxc6 bxc6 5.O-O d5 6.Nc3 Bg4 7.h3 Bh5 8.g4 Bg6
9.Qe2 Nf6 10.d3 e6 11.Ne5 Qc7 12.f4 Be7 13.Nf3 h5 14.g5 Nd7 15.Nh4 O-O 16.Kg2 Rae8
17.Bd2 dxe4 18.dxe4 Qb6 19.b3 Qb4 20.a3 Qd4 21.Rad1 Qd6 22.Be3 Qc7 23.Qxa6 Ra8
24.Qe2 Rxa3 25.f5 exf5 26.exf5 Bh7 27.Rc1 Bxg5 28.Bxg5 Nb6 29.Qe7 Nd5 30.Nxd5 Qxe7
31.Nxe7+ Kh8 32.Neg6+ Bxg6 33.fxg6 c4 34.Rxf7 Re8 35.Rcf1 Raa8 36.Bh6 Re7
37.Bxg7+ Kg8 38.Rxe7 cxb3 39.cxb3 c5 40.Bb2 Rf8 41.Rg7+  1-0

[Event "Ubeda op"]
[Site "Ubeda"]
[Date "1996.??.??"]
[Round "?"]
[White "Bronstein, David I"]
[Black "Mirzoev, Azer"]
[Result "0-1"]
[WhiteElo "2455"]
[BlackElo "2265"]

1.e4 c5 2.Nf3 Nc6 3.Bb5 g6 4.c3 Bg7 5.d4 Qb6 6.a4 cxd4 7.O-O a6 8.Bxc6 dxc6
9.a5 Qc7 10.cxd4 Bg4 11.Nc3 Bxf3 12.gxf3 Nf6 13.f4 e6 14.Be3 O-O 15.b4 Rad8
16.Qf3 Ne8 17.e5 Qc8 18.h4 Nc7 19.h5 Nb5 20.Ne2 Qd7 21.Qh3 Rfe8 22.f3 Qd5
23.Kf2 Qb3 24.hxg6 hxg6 25.Rab1 Qa2 26.Ra1 Qb3 27.f5 exf5 28.Rh1 f4 29.Bxf4 Nxd4
30.Nxd4 Rxd4 31.Qh7+ Kf8 32.Bh6 Bxh6 33.Qh8+ Ke7 34.Qf6+ Kd7 35.e6+ Rxe6
36.Qxd4+ Rd6 37.Qe4 f5 38.Qe2 Rd2 39.Rad1 Qe3+  0-1

[Event "Ubeda op"]
[Site "Ubeda"]
[Date "1996.??.??"]
[Round "?"]
[White "Akopian, Vladimir"]
[Black "Kurajica, Bojan"]
[Result "1-0"]
[WhiteElo "2620"]
[BlackElo "2505"]

1.e4 c5 2.Nf3 Nc6 3.Bb5 e6 4.O-O Nge7 5.b3 Ng6 6.Bb2 f6 7.Re1 Be7 8.c3 Qb6
9.Bf1 Nge5 10.Na3 O-O 11.Nc4 Nxc4 12.Bxc4 Ne5 13.Nxe5 fxe5 14.d4 cxd4 15.cxd4 exd4
16.Bxd4 Bc5 17.Bxc5 Qxc5 18.Re3 b5 19.Be2 Rf7 20.Rc1 Qb6 21.Rf3 Rxf3 22.Bxf3 Rb8
23.e5 Qd8 24.Rc5 Bb7 25.Bxb7 Rxb7 26.Qc1 Rb8 27.Rc7 d6 28.exd6 Qxd6 29.h3 Qe5
30.Rxa7 Rd8 31.Rd7 Rf8 32.Rd3 h6 33.Re3 Qd5 34.Qe1 Ra8 35.Rxe6 Rxa2 36.Re8+ Kf7
37.Qe7+ Kg6 38.Rd8 Ra1+ 39.Kh2 Qf5 40.Qe8+ Kg5 41.h4+ Kxh4 42.g3+  1-0

[Event "UKR-ch (Women)"]
[Site "UKR"]
[Date "1996.??.??"]
[Round "1"]
[White "Melamed, Tatiana"]
[Black "Strutinskaya, Galina N"]
[Result "1-0"]
[WhiteElo "2320"]
[BlackElo "2335"]

1.e4 c5 2.Nf3 Nc6 3.Bb5 e6 4.Bxc6 bxc6 5.b3 e5 6.O-O d6 7.c3 Bg4 8.h3 Bxf3
9.Qxf3 g6 10.Bb2 Bg7 11.Na3 Ne7 12.Rad1 f5 13.d4 cxd4 14.cxd4 d5 15.dxe5 fxe4
16.Qf4 Nf5 17.Qc1 Qb6 18.Nc4 dxc4 19.Qxc4 Ne7 20.Qe6 Qc7 21.Rd6 Qc8 22.Qc4 Rf8
23.Rfd1 Qf5 24.Re6 Qxf2+ 25.Kh1 Rc8 26.Ba3 Rf7 27.Qb4 Kf8 28.Rxe7 Kg8 29.Rxf7 Qxf7
30.Qxe4 Qe6 31.Bb2 Bf8 32.Rc1 c5 33.Qc4 Qxc4 34.Rxc4 Kf7 35.Ra4 Rc7 36.Ra6 Bh6
37.Rf6+ Ke7 38.Kg1 c4 39.Ba3+ Ke8 40.bxc4 Rxc4 41.Bd6 Bg5 42.Rf3 a5 43.Rf8+ Kd7
44.a3 Ke6 45.Ra8 Bd2 46.Kf2 Re4 47.Ra6 Kd5 48.Bc7 Bc3 49.Kf3 Ra4 50.Rd6+ Kc5
51.Rd3 Kc4 52.Re3 Bd4 53.e6 Bxe3  1-0

[Event "UKR-ch (Women)"]
[Site "UKR"]
[Date "1996.??.??"]
[Round "3"]
[White "Klinova, Masha"]
[Black "Skripchenko, Almira"]
[Result "1/2-1/2"]
[WhiteElo "2270"]
[BlackElo "2390"]

1.e4 c5 2.Nf3 Nc6 3.Bb5 Na5 4.c3 a6 5.Be2 e6 6.O-O b5 7.d4 cxd4 8.cxd4 Nf6
9.Bg5 Be7 10.Bxf6 Bxf6 11.e5 Be7 12.Nc3 Bb7 13.Bd3 d6 14.Be4 d5 15.Bd3 O-O
16.Rc1 Nc4 17.Qc2 g6 18.b3 Nb6 19.Qd2 Kg7 20.Nd1 Qd7 21.Ne3 h5 22.h4 Rac8
23.Rxc8 Rxc8 24.Rc1 Rxc1+ 25.Qxc1 Qc6 26.Qd2 Ba3 27.Nc2 Be7  1/2-1/2

[Event "UKR-ch (Women)"]
[Site "UKR"]
[Date "1996.??.??"]
[Round "7"]
[White "Klinova, Masha"]
[Black "Strutinskaya, Galina N"]
[Result "1/2-1/2"]
[WhiteElo "2270"]
[BlackElo "2335"]

1.e4 c5 2.Nf3 Nc6 3.Bb5 g6 4.Bxc6 dxc6 5.d3 Bg4 6.O-O e5 7.Nbd2 Bg7 8.h3 Bxf3
9.Nxf3 Qe7 10.a4 a5 11.Be3 Nf6 12.Nd2 O-O 13.Nc4 Nd7 14.Qd2 b6 15.f4 f5 16.exf5 Rxf5
17.fxe5 Rxf1+ 18.Rxf1 Bxe5 19.Nxe5 Qxe5 20.d4 Qd5  1/2-1/2

[Event "UKR-ch (Women)"]
[Site "UKR"]
[Date "1996.??.??"]
[Round "10"]
[White "Melamed, Tatiana"]
[Black "Kovalevskaya, Ekaterina"]
[Result "1/2-1/2"]
[WhiteElo "2320"]
[BlackElo "2335"]

1.e4 c5 2.Nf3 Nc6 3.Bb5 e6 4.O-O Nge7 5.c3 d5 6.exd5 Qxd5 7.Re1 Bd7 8.Na3 Ng6
9.Bf1 Be7 10.d4 cxd4 11.Nb5 Rc8 12.Nfxd4 Nxd4 13.Nxd4 O-O 14.g3 e5 15.Bg2 Qd6
16.Nb3 Qxd1 17.Rxd1 Bg4 18.f3 Be6 19.Be3 b6 20.Rd2 Rfd8 21.Rad1 Rxd2 22.Rxd2 Rd8
23.Rxd8+ Bxd8 24.Nc1 Ne7 25.b3 Nd5 26.Bd2 b5 27.Nd3 Ba5 28.b4 Bb6+ 29.Nc5 Kf8
30.Kf1 Bxc5 31.bxc5 Ke7 32.a3 f5 33.Ke1 Kd7 34.Bf1 Nc7 35.Bd3 Kc6 36.g4 g6
37.gxf5 gxf5 38.Bh6 Nd5 39.c4 bxc4 40.Bxc4 Kxc5  1/2-1/2

[Event "CZE-ch U20"]
[Site "Usti nad Labem"]
[Date "1996.??.??"]
[Round "5"]
[White "Suran, Jan"]
[Black "Cvek, Robert"]
[Result "1/2-1/2"]
[WhiteElo "2300"]
[BlackElo "2265"]

1.e4 c5 2.Nf3 Nc6 3.Bb5 Qb6 4.Nc3 e6 5.Bxc6 Qxc6 6.d4 cxd4 7.Nxd4 Qc7 8.O-O a6
9.Re1 d6 10.Bg5 Be7 11.Bxe7 Nxe7 12.Qd2 O-O 13.Rad1 b5 14.a4 bxa4 15.Nxa4 d5
16.Qc3 Qxc3 17.Nxc3 e5 18.Nde2 d4 19.Na4 Be6 20.Nc5 Nc6 21.Nxe6 fxe6 22.Nc1 Rfb8
23.Nd3 Rb5 24.Ra1 Nb4 25.Nxb4 Rxb4 26.b3 Kf7 27.Ra5 Rb5 28.Rxb5 axb5 29.Kf1 Rc8
30.Re2 Rc3 31.Rd2 g5 32.h3 Ke7 33.Ke2 Kd6 34.Kd1 Kc5 35.Kc1 h5 36.Kb2 g4
37.hxg4 hxg4 38.Rd3 b4 39.Kc1 Kd6 40.Kd2 Rc8 41.Rg3 Rf8  1/2-1/2

[Event "CZE-ch U20"]
[Site "Usti nad Labem"]
[Date "1996.??.??"]
[Round "6"]
[White "Oral, Tomas"]
[Black "Sluka, Radek"]
[Result "0-1"]
[WhiteElo "2460"]
[BlackElo "2320"]

1.e4 c5 2.Nf3 Nc6 3.Bb5 e6 4.O-O Nge7 5.c3 a6 6.Ba4 b5 7.Bc2 d5 8.d4 cxd4
9.cxd4 Nb4 10.e5 Nxc2 11.Qxc2 Bd7 12.b4 Nc6 13.a3 a5 14.bxa5 Nxa5 15.Bg5 Qb6
16.Nc3 h6 17.Bd2 Be7 18.Rfb1 Nc4 19.Nxb5 Bxb5 20.a4 Qa6 21.axb5 Qxa1 22.Rxa1 Rxa1+
23.Ne1 O-O 24.g4 Nxd2 25.Qxd2 Rb1 26.Kg2 Bb4 27.Qc2 Rxe1 28.b6 Ba5 29.b7 Bb6
30.Qb2 Ba7 31.h4 Re4 32.Qa1 Bxd4 33.Qa8 Bxe5  0-1

[Event "CZE-ch (Women)"]
[Site "Usti nad Labem"]
[Date "1996.??.??"]
[Round "8"]
[White "Svobodova, Michaela"]
[Black "Pallova, Martina"]
[Result "1-0"]
[WhiteElo "2150"]
[BlackElo "2100"]

1.e4 c5 2.Nf3 Nc6 3.Bb5 g6 4.Bxc6 dxc6 5.h3 Bg7 6.d3 Nf6 7.Nc3 O-O 8.Be3 Nd7
9.Qd2 Re8 10.h4 h5 11.Nh2 Qb6 12.O-O-O Qa5 13.Kb1 b5 14.Rdg1 b4 15.Ne2 Nb6
16.Bh6 Bxb2 17.Kxb2 c4 18.Ka1 c3 19.Qg5 Qa3 20.Qc1 Qa6 21.Nf4 Kh7 22.g4 hxg4
23.Nxg4 Bxg4 24.Rxg4 Kxh6 25.Nxg6+ Kh7 26.Qg5 Rg8 27.Nf8+  1-0

[Event "CZE-ch (Women)"]
[Site "Usti nad Labem"]
[Date "1996.??.??"]
[Round "9"]
[White "Svobodova, Michaela"]
[Black "Mackova, Eva"]
[Result "1-0"]
[WhiteElo "2150"]
[BlackElo "2175"]

1.e4 c5 2.Nf3 Nc6 3.Bb5 Na5 4.c3 Nf6 5.Qe2 a6 6.Ba4 b5 7.Bc2 Bb7 8.O-O g6
9.d4 cxd4 10.cxd4 Bg7 11.Nc3 O-O 12.Bf4 Rc8 13.Rac1 Qb6 14.Rfd1 d5 15.e5 Nd7
16.Bb1 Rfe8 17.b3 Nf8 18.Qe3 Bc6 19.Bh6 b4 20.Ne2 Nb7 21.Bxg7 Kxg7 22.Nf4 Na5
23.h4 Nb7 24.h5 Qd8 25.g3 e6 26.Kg2 g5 27.h6+ Kh8 28.Nh5 Ng6 29.Nxg5 Qe7
30.Nf6 Red8 31.Ngxh7 Rc7 32.Rh1 Rdc8 33.Qg5 Be8 34.Rxc7 Rxc7 35.Nxe8 Kxh7
36.Bxg6+ fxg6 37.Nf6+ Kh8 38.Qxg6 Rc8 39.Rh4  1-0

[Event "Vendrell op"]
[Site "Vendrell"]
[Date "1996.??.??"]
[Round "3"]
[White "Sutovskij, Emil"]
[Black "Villavicencio, Adalberto"]
[Result "1-0"]
[WhiteElo "2545"]
[BlackElo "2280"]

1.e4 c5 2.Nf3 Nc6 3.Bb5 g6 4.Bxc6 bxc6 5.O-O Bg7 6.Re1 Nf6 7.e5 Nd5 8.c4 Nc7
9.d4 cxd4 10.Qxd4 Ne6 11.Qh4 Rb8 12.Nc3 Qa5 13.Ne4 c5 14.Bd2 Qa6 15.Bg5 Nxg5
16.Nfxg5 Bxe5 17.Nxh7 Kd8 18.Neg5 Rxh7 19.Qxh7 Bd4 20.Qxf7 Qf6 21.Qxf6 exf6
22.Nf3 Bxb2 23.Rab1 Rb6 24.Re2 Bc3 25.Rxb6 axb6 26.Rc2 Ba5 27.Nd2 d5 28.Nb3 Bb4
29.cxd5 Bb7 30.Nc1 Bxd5 31.Nd3  1-0

[Event "Vienna op-B"]
[Site "Vienna"]
[Date "1996.??.??"]
[Round "1"]
[White "Lagumina, Giulio"]
[Black "Todorov, Todor"]
[Result "1/2-1/2"]
[WhiteElo "2260"]
[BlackElo "2395"]

1.e4 c5 2.Nf3 Nc6 3.Bb5 g6 4.Bxc6 dxc6 5.d3 Bg7 6.h3 e5 7.Be3 Qe7 8.Qd2 Nf6
9.Nc3 Nd7 10.O-O-O Nf8 11.Bh6 f6 12.Bxg7 Qxg7 13.Ne2 Be6 14.Nh2 O-O-O 15.f4 Nd7
16.Nf3 exf4 17.Nxf4 Qe7 18.Nxe6 Qxe6 19.b3 b6 20.Rhf1 a5 21.Qf4 a4 22.d4 axb3
23.axb3 Rhe8 24.dxc5 Qxe4 25.Qxe4 Rxe4 26.cxb6 Nxb6 27.Rxd8+ Kxd8 28.Kd2 Kd7
29.Kd3 Re8 30.Re1 Rxe1 31.Nxe1 Kd6 32.c4 c5 33.Ke4 Nd7 34.Nd3 Nb8 35.b4 cxb4
36.Nxb4 Kc5 37.Nd5 Nd7 38.Kd3 f5 39.Ne3 h5 40.Kc3 Ne5 41.g3 Nd7 42.Ng2 Nf6
43.Nf4 Ne4+ 44.Kd3 g5 45.Nxh5 Nf2+ 46.Ke3 Nxh3 47.Ng7 f4+ 48.gxf4 Nxf4 49.Kf3 Kxc4
50.Kg4  1/2-1/2

[Event "Vienna op"]
[Site "Vienna"]
[Date "1996.??.??"]
[Round "3"]
[White "Lendwai, Reinhard"]
[Black "Galliamova, Alisa"]
[Result "1-0"]
[WhiteElo "2370"]
[BlackElo "2480"]

1.e4 c5 2.Nf3 Nc6 3.Bb5 e6 4.Bxc6 bxc6 5.d3 Qc7 6.O-O Ne7 7.Ng5 h6 8.Nh3 g6
9.Nc3 Bg7 10.Be3 d6 11.f4 O-O 12.Qd2 Kh7 13.Na4 Qb8 14.c3 Qb5 15.b3 Ba6 16.Rad1 Rad8
17.c4 Qb8 18.Qa5 Bc8 19.Nf2 Rfe8 20.d4 cxd4 21.Bxd4 Bxd4 22.Rxd4 c5 23.Rd3 Bd7
24.Qc3 Ng8 25.Nb2 Qc7 26.Rfd1 Bc6 27.Qd2 f5 28.Rxd6 Rxd6 29.Qxd6 Qxd6 30.Rxd6 Bxe4
31.Nxe4 fxe4 32.Rd7+ Kh8 33.Na4 e5 34.fxe5 Rxe5 35.Rd5 Re8 36.Kf2 Nf6 37.Rd6 Ng4+
38.Ke2 Rf8 39.h3 Ne5 40.Nxc5 Rf4 41.Re6 Nd3 42.Nxd3 exd3+ 43.Kxd3 Kg7 44.b4  1-0

[Event "Vienna op-B"]
[Site "Vienna"]
[Date "1996.??.??"]
[Round "4"]
[White "Weinzettl, Ernst"]
[Black "Chernikov, Oleg L"]
[Result "1/2-1/2"]
[WhiteElo "2365"]
[BlackElo "2385"]

1.e4 c5 2.Nf3 Nc6 3.Bb5 g6 4.Bxc6 dxc6 5.d3 Bg7 6.Nc3 Bg4 7.h3 Bxf3 8.Qxf3 Nf6
9.Be3 Nd7 10.O-O O-O 11.Qe2 e5 12.Qd2 Qe7 13.a4 Rfe8 14.Bh6 Rad8 15.Bxg7 Kxg7
16.f4 c4 17.f5 cxd3 18.cxd3 f6 19.fxg6 hxg6 20.Rf3 Nc5 21.Raf1 Rf8 22.Rg3 Rd6
23.Qe2 Rh8 24.Nd1 Kf7 25.Qg4 Rg8 26.Ne3 Rxd3 27.Qh4 Rxe3 28.Rxe3 Kg7 29.Ref3 Rf8
30.Qg4 Qe6 31.Qh4 Nxa4 32.Qf2 Qd6 33.b4 c5 34.Qc2 b5 35.Rd3 Qb6 36.Kh2 cxb4
37.Rd7+ Rf7 38.Qc8 Qe6 39.Rxf7+ Kxf7 40.Qb7+ Qe7 41.Qxb5 Nc3 42.Qa6 Kg7 43.Ra1 b3
44.Qxa7 Qxa7 45.Rxa7+ Kh6 46.Rb7 Nxe4 47.Rxb3 g5 48.Rb4 Nd6 49.Rb6 Ne4 50.g3 Kg6
51.Kg2 Nc3 52.Rc6 Nb5 53.Kf2 Nd4 54.Ra6 Kf7 55.g4 Ne6 56.Ke3 Nf4 57.Ke4 Kg6
58.Ra3 Ne6 59.Kd5 Nc7+ 60.Kc6 Ne6  1/2-1/2

[Event "Vienna op-B"]
[Site "Vienna"]
[Date "1996.??.??"]
[Round "7"]
[White "Cladouras, Panagiotis"]
[Black "Todorov, Todor"]
[Result "1/2-1/2"]
[WhiteElo "2380"]
[BlackElo "2395"]

1.e4 c5 2.Nf3 Nc6 3.Bb5 g6 4.Bxc6 bxc6 5.O-O Bg7 6.h3 Nh6 7.Re1 O-O 8.c3 f6
9.d4 cxd4 10.cxd4 d6 11.Nc3 Nf7 12.b4 Rb8 13.Rb1 f5 14.Rb3 e5 15.dxe5 dxe5
16.Be3 Rb7 17.Qxd8 Rxd8 18.Bc5 f4 19.Rc1 Be6 20.Ra3 Rdd7 21.Ra6 Nd8 22.Rd1 Rxd1+
23.Nxd1 Bc4 24.Ra5 Ne6 25.Nb2 Nxc5 26.Rxc5 Bxa2 27.Nd3 Bb1 28.Nfxe5 Bxe5
29.Nxe5 Bxe4 30.f3 Bd5 31.Nxc6 Bxc6 32.Rxc6 Rxb4 33.Rc8+ Kg7 34.Rc7+ Kf6
35.Rxa7 h6 36.Ra5 g5 37.Ra6+ Kg7 38.Rd6 Rb2 39.Ra6  1/2-1/2

[Event "Siembra Villa Ballester op"]
[Site "Villa Ballester"]
[Date "1996.??.??"]
[Round "3"]
[White "Ciurlanti, Federico"]
[Black "Garbarino, Rodolfo"]
[Result "0-1"]
[WhiteElo "2250"]
[BlackElo "2415"]

1.e4 c5 2.Nf3 Nc6 3.Bb5 Qc7 4.Nc3 e6 5.O-O Nf6 6.Bxc6 dxc6 7.Qe2 e5 8.a4 Be7
9.d3 Nd7 10.Be3 Nf8 11.Nd2 Ne6 12.Nc4 O-O 13.Qd2 b6 14.Ne2 Ba6 15.b3 Bf6
16.Ra2 Rad8 17.Kh1 Rfe8 18.Qc1 Nd4 19.Nxd4 cxd4 20.Bg5 Re6 21.Bxf6 Rxf6 22.Qg5 Re8
23.Raa1 Bc8 24.Rae1 Qe7 25.Qh4 b5 26.axb5 cxb5 27.Nd2 Qc7 28.Rc1 Rc6 29.Nf3 Rxc2
30.Rxc2 Qxc2 31.Ra1 Qxd3 32.Nxe5 Qc3 33.Rd1 Qxb3 34.Rc1 Be6  0-1

[Event "Siembra Villa Ballester op"]
[Site "Villa Ballester"]
[Date "1996.??.??"]
[Round "5"]
[White "Escandell, Juan Carlos"]
[Black "Garbarino, Rodolfo"]
[Result "1/2-1/2"]
[WhiteElo "2255"]
[BlackElo "2415"]

1.e4 c5 2.Nf3 Nc6 3.Bb5 Qc7 4.O-O Nf6 5.Re1 e6 6.Nc3 Ng4 7.Bxc6 dxc6 8.e5 Bd7
9.d4 h5 10.h3 cxd4 11.Qxd4 Nh6 12.Ne4 Nf5 13.Qd3 c5 14.Bf4 c4 15.Qd2 Qc6
16.Nd4 Nxd4 17.Qxd4 Qd5 18.Qc3 Qb5 19.Red1 Bc6 20.Qd4 Qd5 21.Qxd5 Bxd5 22.Nc3 Bc6
23.Be3 Bb4 24.Ne2 Be7 25.Nd4 Bd7 26.a4 a6 27.Kf1 Rc8 28.Ne2 Bc6 29.f3 g5
30.Kf2 Rg8 31.Rd4 b5 32.axb5 axb5 33.Rdd1 g4 34.hxg4 hxg4 35.Nd4 Bd7 36.Rh1 c3
37.bxc3 gxf3 38.gxf3 Rxc3 39.Ra8+ Bc8 40.Bd2 Rc4 41.c3 Rc5 42.Nxb5 Kd8 43.Na7 Kd7
44.Be3 Rxe5 45.Rd1+ Rd5 46.Rxd5+ exd5 47.Rxc8 Rxc8 48.Nxc8 Kxc8 49.Bd4  1/2-1/2

[Event "Villa Martelli op"]
[Site "Villa Martelli"]
[Date "1996.??.??"]
[Round "5"]
[White "Spangenberg, Hugo"]
[Black "Paglilla, Carlos"]
[Result "1-0"]
[WhiteElo "2505"]
[BlackElo "2390"]

1.e4 c5 2.Nf3 Nc6 3.Bb5 Na5 4.c3 a6 5.Ba4 b5 6.Bc2 d6 7.d4 Bg4 8.h3 Bxf3
9.Qxf3 e5 10.d5 Nc4 11.h4 h5 12.a4 Nb6 13.Qe2 Nxa4 14.b3 Nb6 15.Rxa6 c4 16.Rxa8 Qxa8
17.Be3 Qa6 18.Bxb6 cxb3 19.Bd3 Qxb6 20.Bxb5+ Ke7 21.O-O g6 22.Nd2 Bh6 23.Nxb3 Nf6
24.Ra1 Rb8 25.c4 Kf8 26.g3 Nd7 27.Qf3 Nc5 28.Nxc5 Qxc5 29.Ra6 Bg7 30.Rc6 Qb4
31.Rc7 f6 32.g4 Qe1+ 33.Kg2 Ra8 34.gxh5 Ra1 35.Rc8+ Ke7 36.Re8+ Kf7 37.hxg6+ Kxg6
38.h5+ Kf7 39.Kh3 Bh6 40.Rd8 Qf1+ 41.Kg4 Ra2 42.Rd7+ Kg8 43.c5 Qxb5 44.c6 Rc2
45.Qxf6 Qe2+ 46.Qf3 Qxf3+ 47.Kxf3 Kf8 48.c7  1-0

[Event "Villalba op"]
[Site "Villalba"]
[Date "1996.??.??"]
[Round "5"]
[White "Lugo, Blas"]
[Black "Pogorelov, Ruslan"]
[Result "0-1"]
[WhiteElo "2370"]
[BlackElo "2440"]

1.e4 c5 2.Nf3 Nc6 3.Bb5 g6 4.Bxc6 dxc6 5.d3 Bg7 6.Nc3 e5 7.Be3 Qe7 8.Qd2 h6
9.O-O-O Nf6 10.h3 Nd7 11.g4 Nf8 12.g5 hxg5 13.Bxg5 f6 14.Be3 Bxh3 15.Rdg1 O-O-O
16.Na4 b6 17.Qc3 Qc7 18.Nd2 Be6 19.Rxh8 Bxh8 20.Nb3 Bf7 21.Naxc5 bxc5 22.Nxc5 Nd7
23.Na6 Qb7 24.Nb4 Nb8 25.d4 exd4 26.Bxd4 Qd7 27.Be3 f5 28.e5 Qe6 29.Bxa7 Bxe5
30.Qa3 Bf4+ 31.Be3 Bxe3+ 32.fxe3 Re8 33.Re1 f4 34.Nd3 fxe3 35.Nc5 Qe7 36.Qb4 e2
37.Qg4+ Be6 38.Qxg6 Bd7  0-1

[Event "LTU-ch"]
[Site "Vilnius"]
[Date "1996.??.??"]
[Round "3"]
[White "Tokarevas, Tomas"]
[Black "Bursteinas, Romanas"]
[Result "1-0"]
[WhiteElo "2195"]
[BlackElo "2170"]

1.e4 c5 2.Nf3 Nc6 3.Bb5 d6 4.O-O Bd7 5.c3 Nf6 6.Re1 a6 7.Ba4 e5 8.d4 b5 9.Bb3 cxd4
10.Ng5 Be6 11.Nxe6 fxe6 12.Bxe6 dxc3 13.Nxc3 Nd4 14.Bb3 Nxb3 15.Qxb3 Qd7
16.Bg5 Qf7 17.Bxf6 gxf6 18.Nd5 Bh6 19.a4 bxa4 20.Qxa4+ Kf8 21.Qc6 Kg7 22.Rxa6 Rxa6
23.Qxa6 Qd7 24.Rd1 Rb8 25.b4 Bg5 26.Qd3 Qb5 27.Qxb5 Rxb5 28.g4 h5 29.f3 Bf4
30.Kg2 h4 31.h3 Rb8 32.Rb1 Rb5 33.Kf1 Kf7 34.Ke2 Bg3 35.Nc3 Rb7 36.b5 Ke6
37.Nd5 Bf4 38.b6 Bh2 39.Rc1  1-0

[Event "LTU-ch"]
[Site "Vilnius"]
[Date "1996.??.??"]
[Round "7"]
[White "Sarakauskas, Gediminas"]
[Black "Rocius, Marijonas"]
[Result "1-0"]
[WhiteElo "2220"]
[BlackElo "2250"]

1.e4 c5 2.Nf3 Nc6 3.Bb5 d6 4.d4 cxd4 5.Qxd4 Bd7 6.Bxc6 Bxc6 7.Nc3 Nf6 8.Bg5 Qb6
9.Bxf6 gxf6 10.O-O-O Qxd4 11.Nxd4 e6 12.f4 Bh6 13.g3 Ke7 14.Rd3 Rhd8 15.Rhd1 a6
16.a4 d5 17.exd5 Bd7 18.Kb1 f5 19.dxe6 Bxe6 20.a5 Bg7 21.Na4 Bxd4 22.Rxd4 Rxd4
23.Rxd4 Rc8 24.b4 h5 25.Nc5 Rc7 26.Kc1 Bc8 27.Kd2 Rc6 28.Na4 h4 29.gxh4 Rh6
30.Nb6 Be6 31.Nd5+ Bxd5 32.Rxd5 Rxh4 33.Rxf5 Rxh2+ 34.Kd3 Rf2 35.Rc5 Kd6
36.Ke4 Rh2 37.Kf5 Rh6 38.Rc8 Re6 39.c4 Re1 40.Kf6 Rb1 41.Kxf7 Rxb4 42.f5 Ra4
43.f6 Ra1 44.Rd8+ Kc5 45.Rd5+ Kxc4 46.Ke6 Rf1 47.Rf5  1-0

[Event "Vlissingen op"]
[Site "Vlissingen"]
[Date "1996.??.??"]
[Round "3"]
[White "Bjarnason, Saevar"]
[Black "Hort, Vlastimil"]
[Result "0-1"]
[WhiteElo "2285"]
[BlackElo "2545"]

1.e4 c5 2.Nf3 Nc6 3.Bb5 g6 4.O-O Bg7 5.Re1 e5 6.Bxc6 dxc6 7.d3 Qe7 8.a4 Nf6
9.Bg5 h6 10.Bh4 Qc7 11.Nbd2 Nh5 12.Nc4 O-O 13.Qd2 Be6 14.a5 b5 15.axb6 axb6
16.Qc3 Rfe8 17.b4 Rxa1 18.Rxa1 Nf4 19.Re1 b5 20.Ne3 cxb4 21.Qxb4 f6 22.d4 Bf7
23.dxe5 fxe5 24.Ng4 g5 25.Bg3 Qe7 26.Qc3 Bc4 27.Ne3 Ne2+ 28.Rxe2 Bxe2 29.Qxc6 Qe6
30.Qc7 Re7 31.Qc3 Bxf3 32.gxf3 h5 33.h4 gxh4 34.Bxh4 Rf7 35.Nf5 Qc4 36.Qd2 Rxf5
37.exf5 Qxh4 38.Qd5+ Kh7 39.Qxb5 Qg5+ 40.Kh2 Qf4+ 41.Kg2 Qg5+ 42.Kh2 Qxf5
43.Qc6 Qg6 44.Qc7 Kh6 45.c4 Qf6 46.Kg2 Bf8 47.Qc8 Qd6 48.Kh3 Kg5 49.Qe8 Qf6
50.Kg2 Kf4 51.Qa8 Qg6+ 52.Kh3 Bc5 53.Qa5 Bxf2  0-1

[Event "Vlissingen op"]
[Site "Vlissingen"]
[Date "1996.??.??"]
[Round "7"]
[White "Motwani, Paul"]
[Black "Ikonnikov, Vyacheslav"]
[Result "1/2-1/2"]
[WhiteElo "2490"]
[BlackElo "2540"]

1.e4 c5 2.Nf3 Nc6 3.Bb5 g6 4.Bxc6 dxc6 5.d3 Bg7 6.h3 b6 7.a4 a5 8.Na3 e5
9.Be3 f6 10.c3 Ne7 11.Qb3 Qxd3 12.Rd1 Qxe4 13.Nc4 Nf5 14.O-O b5 15.Nb6 c4
16.Qa3 Nxe3 17.Nxc8 Rxc8 18.Qd6 Nxd1 19.Qe6+ Kd8 20.Qd6+ Ke8 21.Qe6+ Kd8
22.Qd6+  1/2-1/2

[Event "GRE-ch (Women)"]
[Site "Volos"]
[Date "1996.??.??"]
[Round "5"]
[White "Makropoulou, Marina"]
[Black "Papadopoulou, Triantafilia"]
[Result "1-0"]
[WhiteElo "2250"]
[BlackElo "2010"]

1.e4 c5 2.Nf3 Nc6 3.Bb5 g6 4.O-O Bg7 5.Re1 e5 6.c3 Nge7 7.d4 cxd4 8.cxd4 Nxd4
9.Nxd4 exd4 10.Bg5 h6 11.Bh4 O-O 12.Na3 d6 13.f4 a6 14.Bf1 Re8 15.Qd2 b5
16.Nc2 Qb6 17.Bf2 Nc6 18.Rad1 Ra7 19.Nxd4 Bxd4 20.Bxd4 Nxd4 21.Qxd4 Qxd4+
22.Rxd4 Rd7 23.Rc1 Rde7 24.Rc6 Kg7 25.g3 Bb7 26.Rcxd6 Rxe4 27.Rxe4 Bxe4 28.Rxa6 Rc8
29.Kf2 Bb1 30.Bxb5 Rc2+ 31.Ke3 Rxb2 32.Bc4 g5 33.Ra7 gxf4+ 34.gxf4 Bg6 35.Be2 Bf5
36.Bc4 Bg6 37.a4 Rxh2 38.a5 Rh3+ 39.Kd4 Ra3 40.a6 Kf6 41.Rb7 Kf5 42.Rb2 Kxf4
43.Ra2  1-0

[Event "AUT-chT9697"]
[Site "Vorarlberg"]
[Date "1996.??.??"]
[Round "?"]
[White "Planatscher, Alois"]
[Black "Christen, Markus"]
[Result "1-0"]
[WhiteElo "1910"]
[BlackElo "1785"]

1.e4 c5 2.Nf3 Nc6 3.Bb5 g6 4.O-O Bg7 5.c3 e5 6.d4 exd4 7.cxd4 Nxd4 8.Nxd4 Bxd4
9.Nc3 h5 10.Bf4 a6 11.Qa4 Ne7 12.Rad1 Qb6 13.Bd3 Qf6 14.Be3 Bxc3 15.bxc3 Qxc3
16.Bc4 Qb4 17.Qc2 b5 18.Bd5 Nxd5 19.Rxd5 d6 20.Rxd6 c4 21.Rfd1 Be6 22.Bg5 O-O
23.Bf6 a5 24.Qc1 Kh7 25.Rxe6 Ra7 26.Red6 Qc5 27.R1d5 Qb4 28.Bc3  1-0

[Event "JUG-ch (Women) 3"]
[Site "Vrnjacka Banja"]
[Date "1996.??.??"]
[Round "?"]
[White "Vuksanovic, Sanja"]
[Black "Maksimovic, Suzana"]
[Result "1-0"]
[WhiteElo "2285"]
[BlackElo "2285"]

1.e4 c5 2.Nf3 Nc6 3.Bb5 g6 4.Bxc6 dxc6 5.h3 Bg7 6.d3 e5 7.Be3 Qe7 8.Qd2 b6
9.a3 Nf6 10.Qc3 Nd7 11.b4 cxb4 12.axb4 Bb7 13.Nbd2 O-O 14.O-O h6 15.Nc4 f5
16.Qb3 Kh7 17.Rfe1 c5 18.Bd2 fxe4 19.dxe4 cxb4 20.Bxb4 Nc5 21.Qa3 Rf4 22.Nfd2 Bf8
23.Qc3 Qf6 24.f3 a5 25.Nxa5 bxa5 26.Bxc5 Qc6 27.Nb3 a4 28.Qxe5 axb3 29.Bd4 g5
30.Rxa8 Bxa8 31.Qh8+ Kg6 32.Qg8+ Kh5 33.Bf2  1-0

[Event "JUG-chT"]
[Site "Vrnjacka Banja"]
[Date "1996.??.??"]
[Round "?"]
[White "Veljkovic, Milic"]
[Black "Tasic, Vladimir"]
[Result "1/2-1/2"]
[WhiteElo "2270"]
[BlackElo "2150"]

1.e4 c5 2.Nf3 Nc6 3.Bb5 g6 4.O-O Bg7 5.h3 Nf6 6.Re1 O-O 7.c3 a6 8.Bf1 e5
9.d4 d6 10.a4 b6 11.Na3 Qc7 12.Nc4 h6 13.a5 b5 14.Nb6 Rb8 15.Nd5 Qd8 16.Nxf6+ Qxf6
17.d5 Nd8 18.Nh2 Kh7 19.Bd3 Qh4  1/2-1/2

[Event "JUG-chT"]
[Site "Vrnjacka Banja"]
[Date "1996.??.??"]
[Round "?"]
[White "Zivkovic, Milan"]
[Black "Aleksic, Milan"]
[Result "1/2-1/2"]
[WhiteElo "2285"]
[BlackElo "2320"]

1.e4 c5 2.Nf3 Nc6 3.Bb5 g6 4.O-O Bg7 5.Bxc6 dxc6 6.d3 Bg4 7.Nbd2 Nf6 8.h3 Bxf3
9.Nxf3 Nd7 10.Be3 e5 11.Qd2 Qe7 12.a3 O-O 13.Bh6 f6 14.Bxg7 Kxg7 15.Rad1 Rf7
16.c3 Nf8 17.d4 exd4 18.cxd4 cxd4 19.Qxd4 Ne6 20.Qe3 Qc5 21.Nd4  1/2-1/2